LIBRARY & INFORMATION CENTRE, KCAET, TAVANUR

ONLINE PUBLIC ACCESS CATALOGUE (OPAC)

Basic engineering circuit analysis / (Record no. 9021)

MARC details
000 -LEADER
fixed length control field 00444cam a2200169ua 4500
003 - CONTROL NUMBER IDENTIFIER
control field OSt
008 - FIXED-LENGTH DATA ELEMENTS--GENERAL INFORMATION
fixed length control field 241226b |||||||| |||| 00| 0 eng d
020 ## - INTERNATIONAL STANDARD BOOK NUMBER
ISBN 0 02 359881 6
041 ## - LANGUAGE CODE
Language code of text/sound track or separate title eng
082 ## - DEWEY DECIMAL CLASSIFICATION NUMBER
Classification number 621.3192
Item number DAV/BA
100 ## - MAIN ENTRY--AUTHOR NAME
Personal name David, Irwin J .
245 ## - TITLE STATEMENT
Title Basic engineering circuit analysis /
250 ## - EDITION STATEMENT
Edition statement 3 /
260 ## - PUBLICATION, DISTRIBUTION, ETC. (IMPRINT)
Place of publication Melbourne,London :
Name of publisher MacMillan and Company Limited ,
Year of publication 1990.
300 ## - PHYSICAL DESCRIPTION
Number of Pages 935 ; .
942 ## - ADDED ENTRY ELEMENTS (KOHA)
Koha item type Books
Holdings
Withdrawn status Lost status Damaged status Home library Current library Date acquired Full call number Accession Number Koha item type
      KAUAET KAUAET 07/04/2012 621.3192 DAV/BA 18100 Books
free website counter